000 00573nam a2200193Ia 4500
005 20250326143232.0
008 250326s9999 xx 000 0 und d
020 _a81-7041-372-9
037 _aTextbook
040 _aFMSL
_beng
_cFMSL
041 _aeng
_2eng
084 _aX3obD658(2:55) P3
_qFMSL
100 _aGhosh A K
_9211078
245 0 _aManagement information and communication systems
_cGhosh A K; Kumar P
260 _aNew Delhi
_bNew Delhi, Anmul
_c2003
300 _a280p
942 _cTB
_hX3obD658(2:55) P3
999 _c1298716
_d1298716